000 00539nam a2200205Ia 4500
003 OSt
005 20251027091203.0
008 210210b2007 xxu||||| |||| 00| 0 eng d
020 _a9788184500035
040 _cAL
041 _aeng
082 _a325.54 DUTD
100 _aAshirbani Dutta
_9242787
245 _aDevelopment induced displacement and human rights
260 _aNew Delhi
_bDeep and Deep Publications Private Limited
_c2007
300 _axvi,248p
690 _aMigration
_9242788
906 _a065600
942 _2ddc
_cBK
999 _c146762
_d146762